| 000 | 00406nam a22001457a 4500 | ||
|---|---|---|---|
| 008 | 140202b xxu||||| |||| 00| 0 eng d | ||
| 100 |
_9181 _aAdains, Garry |
||
| 245 |
_aIELTS for helpful hints _c/ Garry Adains & Terry Peck |
||
| 250 | _a2nd ed. | ||
| 260 |
_aSydney: _bAdams & Auston, _cc2003. |
||
| 300 | _a100p | ||
| 650 | 0 |
_956 _aEnglish _xGrammar study |
|
| 700 |
_9182 _aPeck, Terry |
||
| 942 |
_2ddc _cBK |
||
| 999 |
_c130 _d130 |
||